Spy for the Night Riders (Record no. 12523)

MARC details
000 -LEADER
fixed length control field 00251nam a22000977a 4500
008 - FIXED-LENGTH DATA ELEMENTS--GENERAL INFORMATION
fixed length control field 231218b |||||||| |||| 00| 0 eng d
020 ## - INTERNATIONAL STANDARD BOOK NUMBER
International Standard Book Number 1556612370
100 ## - MAIN ENTRY--PERSONAL NAME
Personal name Dave
9 (RLIN) 7740
245 ## - TITLE STATEMENT
Title Spy for the Night Riders
260 ## - PUBLICATION, DISTRIBUTION, ETC. (IMPRINT)
Place of publication, distribution, etc. Minnesota
Name of publisher, distributor, etc. Bethany House
Date of publication, distribution, etc. 1992
Holdings
Withdrawn status Lost status Source of classification or shelving scheme Damaged status Koha normalized classification for sorting Not for loan Home library Current library Shelving location Date acquired Total Checkouts Full call number Barcode Date last seen Price effective from Koha item type
    Dewey Decimal Classification   DAV_823_000000000000000   Good Samaritan School Library Good Samaritan School Library FICTION 12/18/2023   DAV823 DAV17793 12/18/2023 12/18/2023 BOOK

Powered by Koha